000 00873nam a2200193Ia 4500
003 OSt
005 20241009161044.0
007 ca aa aaaaa
008 201103s9999 xx 000 0 und d
040 _cSSBUL
041 _abur
082 _223
_a၂၉၄.၃၄၃၅၀၉ ကျိုက်
_b၉၃၆၅ S-SAT
245 0 0 _aကျိုက္ခမီမြို့ရေလယ်ဘုရားကြီးသမိုင်း။
260 _aမော်လမြိုင် ၊
_bဦးစိန်ရံအင်ဆန်းစာပုံနှိပ်တိုက်၊
_cခုနှစ်မပါ။
300 _a၅၀ စာမျက်ှာ ၊
_c၁၈ စင်တီ။
500 _aS-SAT: Dr. Sai Aung Tun
650 _aကျိုက္ခမီရေလယ်ဘုရားကြီး
_vသမိုင်း
_954987
942 _2ddc
_cBK1
999 _c16865
_d16865